000 01506nam0a2200337 4500
001 RU\NLR\BIBL_A\011479900
005 20241102080005.0
010 _a9785994822265
_9100
021 _aRU
_b2017-65180
_94616
035 _a(RuMoRGB)009378677
035 _a(NLR Aleph) 011479900
090 _a11894651
_c11894651
100 _a20170928d2016 k y0rusy50 ca
101 0 _arus
102 _aRU
105 _aa z 000zy
200 1 _aКорпоративный подход к управлению современным университетом
_eмонография
_fЕ. Е. Харламова
_gМинистерство образования и науки Российской Федерации, Волгоградский государственный технический университет
210 _aВолгоград
_cВолгГТУ
_d2016
215 _a149, [2] с.
_cил., табл.
_d21
320 _aБиблиогр. в конце кн. (127 назв.)
606 _aУниверситеты
_xУправление
_91312466
_3RU\NLR\AUTH\66228064
610 0 _aкорпоративное управление университетом
610 0 _aуправление университетом
686 _aЧ481,6(2)41,0
_2rubbk
686 1 _aЧ484(0)к
686 1 _aЧ481.41
700 1 _aХарламова
_bЕ. Е.
_gЕкатерина Евгеньевна
942 _cBOOK
980 _aNBR